000 00310nam a22001337a 4500
008 181001b xxu||||| |||| 00| 0 eng d
020 _a0915473607
041 _aeng
080 _a618
100 _a10
101 _aGJIN
245 _aEncyclopedia of women's health and wellness
_cBerek,J.S
942 _2udc
_cBK
999 _c48754
_d48754